000 00961nam0a2200313 4500
001 RU\NLR\BIBL_A\011628099
005 20180227120128.0
010 _a978-5-17-105901-9
_92000
021 _aRU
_bКН-П-18-002542
_9КН-П-18-0176
035 _a(NLR Aleph) 011628099
035 _a(RuMoRGB)009520521
090 _a11018665
_c11018665
100 _a20180213d2018 u y0rusy50 ca
101 0 _arus
102 _aRU
105 _ay|||z|||000ay
200 1 _aЗаписки неримского папы
_fОлег Батлук
210 _aМосква
_cАСТ
_cЖанровая литература
_d2018
215 _a349, [2] с.
_d21
333 _a16+
686 _aШ5(2=Р)64-644
_2rubbk
686 2 _aШ6(2=Р)8-440.5
700 1 _aБатлук
_bО.
_f1975-
_gОлег
942 _cBOOK
980 _aNBR
980 _aNB